000 00364 a2200109 4500
001 ART_60896
005 20260410161823.0
008 260409a
245 1 0 _aLa denuncia penal sustentada por una determinación de oficio viciada
100 1 _aVega, Gerardo E.
773 0 _tDoctrina Penal Tributaria y Económica
_g- N° 72 (jun. 2024)
_wREV4317
999 _c22557
_d22557